Introductory calculus for business and economics (Record no. 48098)

MARC details
000 -LEADER
fixed length control field 00490nam a2200133 a 4500
008 - FIXED-LENGTH DATA ELEMENTS--GENERAL INFORMATION
fixed length control field 120416s1973 ||||||||||||||||| || u
050 ## - LIBRARY OF CONGRESS CALL NUMBER
Classification number HB 135 Bea
100 ## - MAIN ENTRY--PERSONAL NAME
Personal name Beatty, William E
245 10 - TITLE STATEMENT
Title Introductory calculus for business and economics
260 ## - PUBLICATION, DISTRIBUTION, ETC.
Place of publication, distribution, etc. Morristowm
Name of publisher, distributor, etc. General Learning Press
Date of publication, distribution, etc. 1973
300 ## - PHYSICAL DESCRIPTION
Extent 371p. : ill.
350 ## - PRICE (NR) (BK AM CF MU VM SE) [OBSOLETE]
Price 0.00
995 ## - RECOMMENDATION 995 [LOCAL, UNIMARC FRANCE]
-- 0.00
-- CBU-MAIN LIBRARY (Kitwe)
-- 1
-- 0.00
-- DAMAGED
-- Main Library Open Access Collection
Holdings
Withdrawn status Lost status Source of classification or shelving scheme Damaged status Not for loan Home library Current library Shelving location Date acquired Total Checkouts Full call number Barcode Date last seen Price effective from Koha item type
          CBU-MAIN LIBRARY, KITWE. CBU-MAIN LIBRARY, KITWE.   11/30/2022   HB 135 Bea 001093 11/30/2022 11/30/2022 MONOGRAPH